[Event "ICS Rated blitz match"]
[Site "207.99.83.229"]
[Date "1999.06.01"]
[Round "?"]
[White "Diepeveen"]
[Black "Hossa"]
[Result "0-1"]
[WhiteElo "2322"]
[BlackElo "2578"]
[PlyCount "54"]

1. e4 d5 2. exd5 Qxd5 3. Nc3 Qa5 4. Nf3 Nf6 5. d4 Bg4 6. Bc4 Nc6 7. h3 Bxf3 8.
Qxf3 O-O-O 9. O-O Nxd4 10. Qg3 Nxc2 11. Rb1 e6 12. b4 Nxb4 13. a3 Nc2 14. Qf3
c6 15. Bf4 Nxa3 16. Ra1 Rd4 17. Be2 Rxf4 18. Qxf4 Qxc3 19. Rfc1 Qb2 20. Bf3 Bc5
21. Qg5 Bxf2+ 22. Kh1 Rg8 23. Bxc6 bxc6 24. Rxc6+ Kd7 25. Rac1 Bb6 26. Qf4 Rd8
27. Qa4 27... Ke7 {Diepeveen resigns} 0-1

[Event "ICS rated blitz match"]
[Site "207.99.83.229"]
[Date "1999.06.01"]
[Round "?"]
[White "Hossa"]
[Black "insight"]
[Result "1-0"]
[WhiteElo "2584"]
[BlackElo "2485"]
[PlyCount "53"]

1. e4 e5 2. Nf3 Nc6 3. Bb5 a6 4. Ba4 Nf6 5. O-O Bc5 6. c3 b5 7. Bc2 Bb6 8. a4
b4 9. cxb4 d6 10. a5 Ba7 11. Ba4 Bd7 12. b5 axb5 13. Bxb5 Rb8 14. Qa4 Rxb5 15.
Qxb5 Nxe4 16. Qc4 Nd4 17. Nxd4 Bxd4 18. Nc3 Ng5 19. d3 O-O 20. Bxg5 Qxg5 21.
Qxc7 Bh3 22. Qb7 f5 23. Kh1 Bg4 24. a6 Rf6 25. Qd5+ Kh8 26. Qa8+ Rf8 27. Qxf8#
{insight checkmated} 1-0

[Event "ICS rated blitz match"]
[Site "207.99.83.229"]
[Date "1999.06.01"]
[Round "?"]
[White "Hossa"]
[Black "WhiteHorse"]
[Result "1-0"]
[WhiteElo "2596"]
[BlackElo "2427"]
[PlyCount "59"]

1. e4 d6 2. d4 g6 3. c4 Bg7 4. Nf3 Nc6 5. Be2 e5 6. dxe5 Nxe5 7. Nxe5 Bxe5 8.
O-O Bg7 9. Nc3 Ne7 10. Bg5 O-O 11. Qd2 Re8 12. Nd5 f6 13. Bxf6 Bf8 14. Bh4 Kh8
15. Nf6 Be6 16. Nxe8 Qxe8 17. Bf6+ Kg8 18. Bd3 Nc6 19. b3 Qf7 20. Qg5 Re8 21.
f4 h6 22. Qh4 Nb4 23. Bb1 c6 24. a3 Na6 25. f5 gxf5 26. exf5 Bd7 27. Qg3+ Kh7
28. Bg7 Bxg7 29. f6+ Kg8 30. Bg6 {WhiteHorse resigns} 1-0

[Event "ICS rated blitz match"]
[Site "207.99.83.229"]
[Date "1999.06.01"]
[Round "?"]
[White "SuperChicken"]
[Black "Hossa"]
[Result "1-0"]
[WhiteElo "2694"]
[BlackElo "2605"]
[PlyCount "103"]

1. e4 d5 2. exd5 Qxd5 3. Nc3 Qa5 4. Bd3 Nc6 5. Nf3 Bd7 6. O-O O-O-O 7. Bb5 e5
8. Bc4 f5 9. Ng5 Nh6 10. Ne6 Bxe6 11. Bxe6+ Kb8 12. d3 Nd4 13. Bc4 Ng4 14. Bg5
Rd7 15. Bd2 Qb4 16. Rb1 Qe7 17. f3 Nf6 18. Re1 g6 19. Bg5 Qd6 20. Be3 Bg7 21.
Bf2 c6 22. Qd2 b5 23. Bb3 Kc8 24. Bg3 Nh5 25. Bh4 Nf4 26. Kh1 Bh6 27. Bg3 b4
28. Na4 Bg5 29. Qd1 Rhd8 30. Bc4 h5 31. a3 bxa3 32. bxa3 Qxa3 33. Ra1 Qd6 34.
Bf2 Rf8 35. c3 Nde6 36. Qb3 c5 37. Rab1 Kd8 38. Be3 Bf6 39. Qb5 Nxd3 40. Bxe6
Qxe6 41. Nxc5 Qd5 42. c4 Qf7 43. Qc6 Nb4 44. Rxb4 Re8 45. Rb8+ Ke7 46. Nxd7
Rxb8 47. Bc5+ Kd8 48. Nxe5 Bxe5 49. Rd1+ Qd5 50. Rxd5+ Bd6 51. Qxd6+ Kc8 52.
Qd7# {Hossa checkmated} 1-0

[Event "ICS rated blitz match"]
[Site "207.99.83.229"]
[Date "1999.06.01"]
[Round "?"]
[White "WhiteHorse"]
[Black "Hossa"]
[Result "0-1"]
[WhiteElo "2395"]
[BlackElo "2593"]
[PlyCount "36"]

1. d4 d5 2. c3 Nf6 3. e3 e6 4. Bd3 Bd6 5. f4 Nbd7 6. Nf3 c5 7. O-O O-O 8. Nbd2
c4 9. Bc2 Qe7 10. Ne5 Kh8 11. Rf3 b6 12. Rh3 Bb7 13. Bxh7 Bxe5 14. fxe5 Ng8 15.
e4 Nh6 16. exd5 Kxh7 17. d6 Qg5 18. Nxc4 18... Qxg2# {WhiteHorse checkmated}
0-1

[Event "ICS rated blitz match"]
[Site "207.99.83.229"]
[Date "1999.06.01"]
[Round "?"]
[White "Hossa"]
[Black "knightmare51"]
[Result "1-0"]
[WhiteElo "2593"]
[BlackElo "2222"]
[PlyCount "44"]

1. e4 e6 2. Nf3 d5 3. exd5 exd5 4. d4 Bd6 5. Nc3 Nf6 6. Bg5 c6 7. Bd3 Qe7+ 8.
Qe2 Qxe2+ 9. Nxe2 Ne4 10. Bxe4 dxe4 11. Nd2 f5 12. Nc4 Bc7 13. Bf4 Be6 14. Nd6+
Bxd6 15. Bxd6 Kd7 16. Be5 Bc4 17. Ng3 Ke6 18. Nh5 Nd7 19. Nxg7+ Kd5 20. Bf4
Raf8 21. b3 Ba6 22. c4+ 22... Kxd4 {knightmare51 resigns} 1-0

[Event "ICS rated blitz match"]
[Site "207.99.83.229"]
[Date "1999.06.01"]
[Round "?"]
[White "Volovka"]
[Black "Hossa"]
[Result "0-1"]
[WhiteElo "2302"]
[BlackElo "2596"]
[PlyCount "26"]

1. e4 d5 2. exd5 Qxd5 3. Nc3 Qd6 4. Nf3 Bg4 5. h3 Qe6+ 6. Be2 Bxf3 7. gxf3 Nc6
8. d3 O-O-O 9. Be3 Nf6 10. Qd2 Nd5 11. O-O-O Nxc3 12. bxc3 Qxa2 13. Qe1 13...
Na5 {Volovka resigns} 0-1

[Event "ICS rated blitz match"]
[Site "207.99.83.229"]
[Date "1999.06.01"]
[Round "?"]
[White "Hossa"]
[Black "MissSilicon"]
[Result "0-1"]
[WhiteElo "2606"]
[BlackElo "2578"]
[PlyCount "170"]

1. e4 e6 2. Nf3 Nf6 3. e5 Nd5 4. Be2 Nf4 5. O-O Nxe2+ 6. Qxe2 b6 7. Nc3 Ba6 8.
d3 Nc6 9. Bg5 Be7 10. Bxe7 Qxe7 11. Qe4 Qb4 12. Qxb4 Nxb4 13. Rac1 Nxc2 14. a3
c5 15. Rxc2 Bxd3 16. Rd2 Bxf1 17. Kxf1 f5 18. Nb5 Ke7 19. Nd6 Rhf8 20. Ke2 Rab8
21. a4 a6 22. Kd3 Rg8 23. Kc4 g5 24. a5 bxa5 25. Kxc5 Rb4 26. Ne1 Rgb8 27. Nd3
Rh4 28. h3 h5 29. Rd1 Rb3 30. Rd2 Ra4 31. Nc1 Rb8 32. f3 Rh4 33. Re2 a4 34. Rd2
a5 35. Nd3 Kf8 36. Rd1 Kg7 37. Nb5 Kf7 38. Re1 Rc8+ 39. Kb6 Rc2 40. Nd6+ Kg6
41. Rg1 Re2 42. Nb7 Rd4 43. Nbc5 Rd2 44. Kxa5 R2xd3 45. Nxd3 Rxd3 46. Kxa4 Rd5
47. Re1 Rd2 48. b4 Ra2+ 49. Kb5 Rxg2 50. Rd1 Re2 51. Rxd7 Rxe5+ 52. Kc6 Re3 53.
Re7 h4 54. b5 Kf6 55. Rh7 Rxf3 56. b6 Rc3+ 57. Kd7 Kg6 58. Re7 Rb3 59. Rxe6+
Kf7 60. Re7+ Kf8 61. Re8+ Kg7 62. Re7+ Kh6 63. Re6+ Kh5 64. Kc7 g4 65. hxg4+
fxg4 66. b7 g3 67. b8=Q Rxb8 68. Kxb8 g2 69. Re5+ Kg4 70. Re1 h3 71. Ra1 h2 72.
Ra4+ Kf5 73. Ra5+ Ke6 74. Ra6+ Kd7 75. Ra7+ Ke6 76. Ra6+ Kd5 77. Ra5+ Kc6 78.
Ra6+ Kc5 79. Ra5+ Kb6 80. Ra2 g1=Q 81. Kc8 Qc1+ 82. Kd8 h1=Q 83. Ke8 Qe3+ 84.
Kf8 Qhh6+ 85. Kg8 85... Qee6# {Hossa checkmated} 0-1

[Event "ICS rated blitz match"]
[Site "207.99.83.229"]
[Date "1999.06.01"]
[Round "?"]
[White "SuperChicken"]
[Black "Hossa"]
[Result "1-0"]
[WhiteElo "2678"]
[BlackElo "2594"]
[PlyCount "80"]

1. e4 e6 2. d4 d5 3. Nd2 c5 4. exd5 Qxd5 5. Ngf3 cxd4 6. Bc4 Qd6 7. O-O Nc6 8.
Nb3 e5 9. Qe2 Be6 10. Bb5 f6 11. Na5 Qd7 12. Nxc6 bxc6 13. Bc4 Bxc4 14. Qxc4
Ne7 15. Re1 O-O-O 16. Bd2 Qb7 17. Qe6+ Kb8 18. Qc4 Nd5 19. c3 Nb6 20. Qd3 c5
21. b3 Bd6 22. Rac1 g5 23. Qf5 Qg7 24. cxd4 cxd4 25. Qd3 Ba3 26. Rcd1 Bf8 27.
Re4 Rd5 28. Re2 Kb7 29. a4 Qg6 30. Re4 g4 31. Nh4 Qh5 32. a5 Qxh4 33. axb6 axb6
34. Ra1 b5 35. Ree1 Bg7 36. Qc2 Rc8 37. Ra7+ Kxa7 38. Qxc8 Qxf2+ 39. Kxf2 Kb6
40. Ra1 40... b4 {Hossa resigns} 1-0

[Event "ICS rated blitz match"]
[Site "207.99.83.229"]
[Date "1999.06.01"]
[Round "?"]
[White "lunarlander"]
[Black "Hossa"]
[Result "0-1"]
[WhiteElo "2218"]
[BlackElo "2586"]
[PlyCount "68"]

1. e4 d5 2. e5 Nc6 3. d4 f6 4. f4 fxe5 5. fxe5 e6 6. c3 Qh4+ 7. Ke2 Qh5+ 8. Nf3
Bd7 9. Kf2 O-O-O 10. Bd3 Be7 11. Rf1 Nh6 12. Kg1 Rdf8 13. Nbd2 Nf5 14. Qe2 g5
15. Nb3 g4 16. Nfd2 Qg6 17. g3 h5 18. Bxf5 Rxf5 19. Rxf5 Qxf5 20. Nf1 Qf3 21.
Qxf3 gxf3 22. Be3 h4 23. Nbd2 Rf8 24. Kf2 Be8 25. Nxf3 Bh5 26. N1d2 hxg3+ 27.
hxg3 Bg4 28. Kg2 Rg8 29. Nh2 Bf5 30. Bf4 Rh8 31. Nhf3 Bg4 32. Rh1 Rg8 33. Rh7
Bf5 34. Kf2 34... Bxh7 {lunarlander resigns} 0-1

[Event "ICS rated standard match"]
[Site "207.99.83.229"]
[Date "1999.06.01"]
[Round "?"]
[White "Amateur"]
[Black "Hossa"]
[Result "1-0"]
[WhiteElo "2410"]
[BlackElo "2220"]
[PlyCount "155"]

1. g3 d5 2. Nf3 Nf6 3. Bg2 c6 4. O-O Nbd7 5. d4 e6 6. Bg5 Bd6 7. Qd3 e5 8. dxe5
Nxe5 9. Nxe5 Bxe5 10. c3 Qb6 11. Qe3 Ne4 12. Qxb6 axb6 13. Be3 Nc5 14. Nd2 O-O
15. Nf3 Bc7 16. Nd4 Bd7 17. Rfc1 f5 18. b4 Ne6 19. Bh3 Nxd4 20. Bxd4 Ra7 21. e3
Ra3 22. Rc2 Re8 23. Bf1 b5 24. Rd1 f4 25. exf4 Bg4 26. Rdc1 Bf3 27. Bh3 Kh8 28.
Rd2 Bd6 29. f5 Be7 30. Re1 Raa8 31. Re6 Bg5 32. Rb2 Rf8 33. Bc5 Rf7 34. Bd4 Kg8
35. Re1 Rff8 36. Bc5 Rf6 37. Re6 Rf7 38. Be3 Bf6 39. Bd4 Bg5 40. Re5 Bc1 41.
Rc2 Bg5 42. Re1 Kh8 43. Rb2 Raf8 44. Re6 Bd8 45. Bc5 Rg8 46. g4 Bg5 47. Rb3 h5
48. gxh5 Bxh5 49. Ra3 Bf4 50. Bd4 Bf3 51. c4 Be4 52. cxb5 cxb5 53. Rb6 Kh7 54.
Ra7 Rc7 55. Bf1 Rc1 56. Ra3 Rb8 57. Rh3+ Kg8 58. f6 g5 59. Rxb5 g4 60. Rc3 Ra1
61. Ba7 Rf8 62. Rxb7 Be5 63. Rg7+ Kh8 64. Ra3 Bb2 65. Re3 Rxa2 66. Bc5 Rxf6 67.
Rxg4 Kh7 68. Re2 Bf5 69. Rg3 Bb1 70. Rxb2 Rxb2 71. Bd4 Rfxf2 72. Bxf2 Rxb4 73.
Bd3+ Bxd3 74. Rxd3 Rg4+ 75. Bg3 Rg5 76. Kf2 Kg6 77. Ke3 Rf5 78. Kd4 {
Hossa resigns} 1-0

[Event "ICS rated blitz match"]
[Site "207.99.83.229"]
[Date "1999.06.01"]
[Round "?"]
[White "KleineMaus"]
[Black "Hossa"]
[Result "0-1"]
[WhiteElo "2412"]
[BlackElo "2540"]
[PlyCount "96"]

1. Nc3 Nf6 2. e4 e5 3. Nf3 Bb4 4. d3 d5 5. exd5 Nxd5 6. Bd2 Nc6 7. g3 Bxc3 8.
bxc3 Qe7 9. Qe2 O-O 10. Bg2 Qc5 11. c4 Ndb4 12. Bc3 Bg4 13. O-O Nd4 14. Bxd4
exd4 15. h3 Rae8 16. Qd2 Bxf3 17. Bxf3 a5 18. Bxb7 Qh5 19. Bg2 Re2 20. Qf4 Rxc2
21. Qxc7 Nxd3 22. Rab1 Qc5 23. Qxc5 Nxc5 24. Rb5 Rxc4 25. Rxa5 Rd8 26. Rd1 g6
27. Ra7 Ra4 28. Rc7 Ne6 29. Re7 Rxa2 30. h4 Kf8 31. Rb7 Kg7 32. Bh3 Nc5 33. Rc7
Ra5 34. Re7 d3 35. h5 gxh5 36. Rc7 Rd4 37. Bg2 h4 38. gxh4 Rxh4 39. Bf3 Ne6 40.
Re7 Nf4 41. Rb7 Ra2 42. Rb4 Ne2+ 43. Bxe2 dxe2 44. Re1 Rxb4 45. f3 Rb6 46. Kf2
Kf6 47. Rg1 e1=Q+ 48. Kxe1 48... Rb1# {KleineMaus checkmated} 0-1

[Event "ICS Rated blitz match"]
[Site "207.99.83.229"]
[Date "1999.06.01"]
[Round "?"]
[White "Nicy"]
[Black "Hossa"]
[Result "0-1"]
[WhiteElo "2301"]
[BlackElo "2547"]
[PlyCount "118"]

1. d4 d5 2. Bg5 Nf6 3. Bxf6 exf6 4. c3 Bd6 5. g3 c5 6. dxc5 Bxc5 7. e3 O-O 8.
Bg2 Be6 9. Ne2 Nc6 10. O-O Rc8 11. Nd2 Bg4 12. Nb3 Ne5 13. Qc2 Bf3 14. Rad1 Qd7
15. Bxf3 Nxf3+ 16. Kg2 Qg4 17. Ng1 Nxg1 18. Kxg1 Qe6 19. Nxc5 Rxc5 20. Rd4 Re8
21. Rfd1 Qc6 22. Qd2 Re5 23. Rh4 Qa6 24. b3 Qc6 25. Rc1 Qe6 26. c4 a6 27. Rd4
h5 28. cxd5 Rxc1+ 29. Qxc1 Rxd5 30. Rxd5 Qxd5 31. Qc8+ Kh7 32. Qc2+ f5 33. h3
Kg6 34. Kh2 Qf3 35. Kg1 h4 36. Kh2 hxg3+ 37. fxg3 Qxe3 38. Kg2 Qe4+ 39. Qxe4
fxe4 40. Kf2 Kf5 41. Ke3 Ke5 42. g4 g5 43. b4 b5 44. a3 f6 45. Ke2 Kd4 46. Kd2
Kc4 47. Ke3 Kd5 48. Ke2 Ke5 49. Ke3 f5 50. gxf5 Kxf5 51. Ke2 Kf4 52. Kf2 e3+
53. Ke2 Ke4 54. Ke1 Kf3 55. Kf1 e2+ 56. Ke1 Ke3 57. a4 bxa4 58. b5 a3 59. h4
59... a2 {Nicy resigns} 0-1

[Event "ICS Rated standard match"]
[Site "207.99.83.229"]
[Date "1999.06.01"]
[Round "?"]
[White "Hossa"]
[Black "Amateur"]
[Result "0-1"]
[WhiteElo "2212"]
[BlackElo "2422"]
[PlyCount "82"]

1. e4 e5 2. Nf3 Nc6 3. Bb5 a6 4. Ba4 Nf6 5. O-O Be7 6. d3 d6 7. Nc3 O-O 8. Bxc6
bxc6 9. Bg5 Ng4 10. Bxe7 Qxe7 11. h3 Nf6 12. Nd2 Be6 13. f4 Rab8 14. fxe5 dxe5
15. Rb1 Rb4 16. Qf3 Rfb8 17. Nb3 c5 18. Rbd1 c4 19. dxc4 Bxc4 20. Rf2 Be6 21.
Rfd2 Qe8 22. Kh1 Qf8 23. Rf2 Rd8 24. Rxd8 Qxd8 25. a3 Rb6 26. Na4 Rd6 27. Nbc5
Bc4 28. b3 Bb5 29. Nc3 Qe8 30. a4 Bd7 31. Qe3 Bc8 32. Qg5 Rc6 33. b4 a5 34. Rd2
axb4 35. Nd5 Kh8 36. Nxf6 gxf6 37. Qh4 Qe7 38. Nd3 Rd6 39. Rd1 b3 40. cxb3 Qd8
41. Rd2 41... Be6 {Hossa resigns} 0-1

[Event "ICS rated blitz match"]
[Site "207.99.83.229"]
[Date "1999.06.01"]
[Round "?"]
[White "Data"]
[Black "Hossa"]
[Result "1-0"]
[WhiteElo "2892"]
[BlackElo "2555"]
[PlyCount "67"]

1. e4 e5 2. Nf3 Nc6 3. Bc4 Nf6 4. d4 exd4 5. O-O Nxe4 6. Re1 Be7 7. Rxe4 d5 8.
Rxe7+ Nxe7 9. Be2 c5 10. b4 cxb4 11. Qxd4 O-O 12. Bb2 Nf5 13. Qxb4 Qd6 14. Qg4
Qb6 15. Bc3 Re8 16. Bd3 Qg6 17. Qxg6 fxg6 18. Na3 Nd6 19. Bb4 Rd8 20. Nd4 Nf5
21. Ndb5 a5 22. Bd2 Rd7 23. Re1 Kf7 24. Bf4 Ra6 25. Re5 Ne7 26. Nd4 Ra8 27. Bb5
Rd6 28. Re1 Rb6 29. c4 Bg4 30. cxd5 Nxd5 31. Bc4 g5 32. Bxd5+ Kg6 33. Nc4 Rb4
34. Bd2 {Hossa resigns} 1-0

[Event "ICS Rated blitz match"]
[Site "207.99.83.229"]
[Date "1999.06.01"]
[Round "?"]
[White "Nicy"]
[Black "Hossa"]
[Result "0-1"]
[WhiteElo "2254"]
[BlackElo "2556"]
[PlyCount "130"]

1. d4 d5 2. Nf3 Nf6 3. c3 e6 4. Bg5 Bd6 5. Nbd2 O-O 6. e3 Nbd7 7. Bd3 Qe7 8.
O-O h6 9. Bh4 e5 10. dxe5 Nxe5 11. Nxe5 Bxe5 12. Nf3 Bg4 13. Be2 Qe6 14. Nxe5
Bxe2 15. Qxe2 Qxe5 16. Bxf6 Qxf6 17. Qb5 c6 18. Qb4 Rfe8 19. Rad1 Re7 20. Rd4
b6 21. Rf4 Qe6 22. h3 c5 23. Qa4 Rd8 24. Rd1 Qe5 25. Qc2 Qh5 26. Rd2 Re5 27.
Qd1 Qg6 28. Qc2 Qxc2 29. Rxc2 h5 30. h4 Re4 31. Rxe4 dxe4 32. Kf1 a5 33. Ke2 c4
34. Rc1 Rd5 35. g3 f5 36. Rd1 Rxd1 37. Kxd1 Kf7 38. Kc2 a4 39. b3 axb3+ 40.
axb3 cxb3+ 41. Kxb3 Ke6 42. Kb4 Kd7 43. Kb5 Kc7 44. c4 g6 45. Ka4 Kc6 46. Kb4
Kd7 47. c5 Kc6 48. cxb6 Kxb6 49. Kc4 Kc6 50. Kb4 Kd5 51. Kb5 Kd6 52. Kb6 Ke7
53. Kc7 g5 54. hxg5 Kf7 55. Kd6 Kg6 56. Ke6 Kxg5 57. Ke5 Kg4 58. Kf6 f4 59.
exf4 Kf3 60. Ke5 Kxf2 61. f5 e3 62. f6 e2 63. f7 e1=Q+ 64. Kf6 Kxg3 65. Kg6
65... Qf2 {Nicy resigns} 0-1

[Event "ICS Rated blitz match"]
[Site "207.99.83.229"]
[Date "1999.06.01"]
[Round "?"]
[White "Hossa"]
[Black "knightmare51"]
[Result "1-0"]
[WhiteElo "2553"]
[BlackElo "2255"]
[PlyCount "107"]

1. e4 e6 2. d4 d5 3. Nd2 Nf6 4. e5 Nfd7 5. Bd3 c5 6. c3 Nc6 7. Ne2 cxd4 8. cxd4
Nb6 9. O-O Bd7 10. Nf3 a5 11. Bg5 Be7 12. Bxe7 Qxe7 13. Qb1 a4 14. Bxh7 Nc4 15.
Bd3 b5 16. b3 Na3 17. Qc1 b4 18. Qf4 axb3 19. axb3 Na5 20. Qg4 g6 21. Nc1 Rc8
22. Qf4 Rc3 23. Rd1 Nxb3 24. Nxb3 Rxb3 25. Rac1 Rc3 26. Rxc3 bxc3 27. Rc1 Qb4
28. Ng5 Qe7 29. Rxc3 Nc4 30. Bxc4 dxc4 31. Rxc4 Rh5 32. Ne4 Kf8 33. Nf6 Rh8 34.
Rc7 Kg7 35. Rxd7 Rb8 36. Qc1 Qb4 37. Rxf7+ Kxf7 38. Qc7+ Kf8 39. Qxb8+ Qxb8 40.
Nd7+ Ke7 41. Nxb8 Kd8 42. f4 Kc7 43. Na6+ Kb6 44. Nc5 Kc6 45. Nxe6 Kd5 46. Nf8
Kxd4 47. e6 Ke4 48. e7 Kxf4 49. Nxg6+ Kf5 50. e8=Q Kg5 51. Qf8 Kg4 52. Ne5+ Kg5
53. g4 Kh4 54. Qh6# {knightmare51 checkmated} 1-0

[Event "ICS Rated blitz match"]
[Site "207.99.83.229"]
[Date "1999.06.01"]
[Round "?"]
[White "Hossa"]
[Black "supernerd"]
[Result "1-0"]
[WhiteElo "2554"]
[BlackElo "2269"]
[PlyCount "43"]

1. e4 e5 2. Nf3 d6 3. d4 Nf6 4. dxe5 Nxe4 5. Bd3 Nc5 6. O-O Nxd3 7. Qxd3 dxe5
8. Qxd8+ Kxd8 9. Nxe5 Be6 10. Rd1+ Bd6 11. Nc3 Ke7 12. Nf3 Nc6 13. Ne4 Bb4 14.
a3 Ba5 15. b4 Bb6 16. b5 Na5 17. a4 Nc4 18. Ba3+ Nxa3 19. Rxa3 Rad8 20. Re1 f6
21. a5 Bd4 22. Nxd4 {supernerd resigns} 1-0

[Event "ICS rated blitz match"]
[Site "207.99.83.229"]
[Date "1999.06.01"]
[Round "?"]
[White "Hossa"]
[Black "JudgeTurpin"]
[Result "0-1"]
[WhiteElo "2559"]
[BlackElo "2571"]
[PlyCount "111"]

1. e4 e5 2. Nf3 Nc6 3. Bc4 Nf6 4. d4 exd4 5. O-O Nxe4 6. Re1 d5 7. Bxd5 Qxd5 8.
Nc3 Qa5 9. Rxe4+ Be6 10. Nxd4 O-O-O 11. Qd3 Bb4 12. Nxc6 bxc6 13. Qe2 Bxc3 14.
bxc3 Bxa2 15. Re7 Bc4 16. Qg4+ f5 17. Rxa5 fxg4 18. Re1 a6 19. Rg5 h5 20. Rxg7
Rhe8 21. Be3 Rd7 22. Rxd7 Kxd7 23. f4 Rb8 24. Bc5 Rb2 25. Re4 Be6 26. Rd4+ Bd5
27. Rd2 Rb5 28. Ba3 Rb1+ 29. Kf2 Ke6 30. Kg3 Kf5 31. Re2 Be4 32. Be7 Rf1 33.
Bg5 a5 34. Kh4 a4 35. c4 Rg1 36. g3 a3 37. Bh6 Kg6 38. Rxe4 a2 39. Re6+ Kf7 40.
Rxc6 a1=Q 41. Kxh5 Qc3 42. Rxc7+ Ke6 43. Bg5 Qxc2 44. Re7+ Kd6 45. Kxg4 Qxh2
46. Re3 Rh1 47. Bh4 Kc5 48. Re4 Qg2 49. Kf5 Qf3 50. Be7+ Kc6 51. g4 Qd3 52. Ke5
Qd7 53. Kf6 Qxg4 54. Re6+ Kc7 55. f5 Rh5 56. Bd6+ {Hossa resigns} 0-1

[Event "ICS rated blitz match"]
[Site "207.99.83.229"]
[Date "1999.06.01"]
[Round "?"]
[White "JudgeTurpin"]
[Black "Hossa"]
[Result "1-0"]
[WhiteElo "2586"]
[BlackElo "2544"]
[PlyCount "65"]

1. Nf3 d5 2. g3 Nf6 3. Bg2 Nc6 4. d4 e6 5. O-O Bd6 6. Nc3 O-O 7. Bg5 Be7 8. e3
b6 9. Qe2 Ne4 10. Nxe4 f6 11. Nxf6+ Bxf6 12. Bf4 a5 13. b3 Qe7 14. c4 Ba6 15.
Rad1 Rf7 16. h4 Raf8 17. e4 Qe8 18. exd5 exd5 19. Ne5 Nxe5 20. dxe5 c6 21. h5
dxc4 22. bxc4 Re7 23. Rfe1 Re6 24. Bh3 Re7 25. Bg4 a4 26. exf6 Rxe2 27. Rxe2
Qa8 28. Be6+ Kh8 29. fxg7+ Kxg7 30. Rd7+ Rf7 31. Rxf7+ Kh8 32. Be5+ Kg8 33.
Rf3# {Hossa checkmated} 1-0

[Event "ICS Rated blitz match"]
[Site "207.99.83.229"]
[Date "1999.06.01"]
[Round "?"]
[White "Hossa"]
[Black "TheComputer"]
[Result "0-1"]
[WhiteElo "2530"]
[BlackElo "2893"]
[PlyCount "62"]

1. e4 c5 2. Nf3 Nc6 3. d4 cxd4 4. Nxd4 Nf6 5. Nc3 d6 6. Bg5 e6 7. Bb5 Bd7 8.
O-O Be7 9. Nb3 Qc7 10. Qd2 h6 11. Bxf6 Bxf6 12. Rad1 Be5 13. Be2 Ne7 14. Nb5
Bxb5 15. Bxb5+ Nc6 16. a4 O-O-O 17. Qc1 g5 18. Kh1 Ne7 19. Rfe1 Kb8 20. Qb1 d5
21. exd5 Nxd5 22. g3 h5 23. Nd2 h4 24. Nf3 hxg3 25. c4 g4 26. Nxe5 Rxh2+ 27.
Kg1 Nf4 28. Rxd8+ Qxd8 29. Nc6+ Ka8 30. fxg3 Qd2 31. Re5 31... Qg2# {
Hossa checkmated} 0-1

[Event "ICS rated blitz match"]
[Site "207.99.83.229"]
[Date "1999.06.01"]
[Round "?"]
[White "supernerd"]
[Black "Hossa"]
[Result "1/2-1/2"]
[WhiteElo "2201"]
[BlackElo "2526"]
[PlyCount "56"]

1. d4 d5 2. f4 Nf6 3. Nf3 Bg4 4. e3 e6 5. Bd3 Bd6 6. O-O O-O 7. Nbd2 Nc6 8. c3
Bf5 9. Qe2 Qe7 10. Ne5 Bxd3 11. Qxd3 a6 12. Rf3 Kh8 13. Rh3 Nb8 14. e4 c6 15.
exd5 cxd5 16. b3 Nbd7 17. Bb2 Rac8 18. Re1 Kg8 19. Ree3 Rcd8 20. Reg3 Kh8 21.
Rg5 Ba3 22. Ba1 Rc8 23. Qg3 Rg8 24. Qh4 Rge8 25. Qg3 Rg8 26. Qh4 Rge8 27. Qg3
Rg8 28. Qh4 28... Rge8 {Game drawn by repetition} 1/2-1/2

[Event "ICS rated blitz match"]
[Site "207.99.83.229"]
[Date "1999.06.01"]
[Round "?"]
[White "supernerd"]
[Black "Hossa"]
[Result "0-1"]
[WhiteElo "2207"]
[BlackElo "2514"]
[PlyCount "128"]

1. e4 e5 2. Bc4 Nf6 3. d3 Nc6 4. Nf3 Be7 5. O-O O-O 6. Re1 d6 7. c3 Na5 8. Bb5
c6 9. Ba4 Bg4 10. Nbd2 c5 11. h3 Bh5 12. Nf1 Nc6 13. Ng3 Bg6 14. a3 a5 15. Bb3
Qd7 16. Nh4 Kh8 17. Nhf5 Rae8 18. Qf3 Bd8 19. Ba2 a4 20. Be3 Ne7 21. Nh4 Qb5
22. Nxg6+ fxg6 23. Qe2 Bb6 24. Bc4 Qd7 25. Qd1 Ba7 26. Rc1 b5 27. Ba2 Nc6 28.
Rc2 Bb6 29. Rd2 Re7 30. Qc2 Qc8 31. Rdd1 Qe8 32. Qd2 Qd8 33. Qc2 Qc7 34. Qd2
Qa7 35. Qc2 Ree8 36. Qd2 Qd7 37. Qc2 Qe7 38. Qd2 Qa7 39. Qc2 Qd7 40. Bc1 Nd8
41. Be3 Ne6 42. Qd2 Re7 43. Ne2 Ref7 44. Ng3 Qe7 45. Ne2 Kg8 46. Ng3 Qd7 47.
Qe2 Ba7 48. Nf1 d5 49. exd5 Nxd5 50. Nd2 Kh8 51. Ne4 Nef4 52. Bxf4 Nxf4 53. Qc2
Rf5 54. Kh2 Rd8 55. Qe2 Nxe2 56. Rxe2 c4 57. Bb1 Qe7 58. g3 Rf3 59. Kg2 Qf8 60.
d4 exd4 61. Ng5 d3 62. Nxf3 dxe2 63. Re1 Rd2 64. Be4 64... Rxb2 {
supernerd resigns} 0-1

[Event "ICS rated blitz match"]
[Site "207.99.83.229"]
[Date "1999.06.01"]
[Round "?"]
[White "Hossa"]
[Black "WhiteHorse"]
[Result "1-0"]
[WhiteElo "2519"]
[BlackElo "2408"]
[PlyCount "63"]

1. e4 g6 2. d4 d6 3. Bg5 Bg7 4. c3 Nc6 5. Nf3 h6 6. Be3 e5 7. dxe5 Nxe5 8. Nxe5
Bxe5 9. Qa4+ Bd7 10. Bb5 c6 11. Bd3 Ne7 12. O-O Bg7 13. Nd2 O-O 14. Qa3 Be6 15.
Bd4 f5 16. Bxg7 Kxg7 17. Bc4 d5 18. exd5 Bxd5 19. Rad1 Qc7 20. Rfe1 Rae8 21.
Qxa7 Bxc4 22. Nxc4 Nd5 23. Qd4+ Kg8 24. Ne5 Rf6 25. Re2 Rfe6 26. Rde1 b5 27. a3
Nb6 28. b3 Rd8 29. Qh4 Rde8 30. Qxh6 Rxe5 31. Qxg6+ Kf8 32. Qf6+ {
WhiteHorse resigns} 1-0

[Event "ICS rated blitz match"]
[Site "207.99.83.229"]
[Date "1999.06.01"]
[Round "?"]
[White "sard"]
[Black "Hossa"]
[Result "0-1"]
[WhiteElo "2245"]
[BlackElo "2530"]
[PlyCount "76"]

1. e4 e5 2. Nf3 Nc6 3. Nc3 Nf6 4. d4 exd4 5. Nd5 Be7 6. Bf4 Nxd5 7. exd5 Nb4 8.
Bc4 d3 9. cxd3 b5 10. Bb3 O-O 11. O-O Bb7 12. d6 Bxd6 13. Bxd6 cxd6 14. Rc1 Qf6
15. d4 Bxf3 16. gxf3 Nc6 17. d5 Nd4 18. Rc3 Rae8 19. Kh1 Ne2 20. Re3 Qxb2 21.
Re1 Nc3 22. Qd3 Rc8 23. Kg2 a5 24. Bc2 g6 25. Re7 Qxa2 26. Rxd7 Nxd5 27. Qb3
Rxc2 28. Qxa2 Rxa2 29. Rd1 Ne3+ 30. Kg3 Nxd1 31. Rxd6 Nxf2 32. Rb6 b4 33. Rb5
Kg7 34. Rb7 Nh1+ 35. Kg4 Rxh2 36. f4 h5+ 37. Kf3 Re8 38. f5 38... Rf2# {
sard checkmated} 0-1

[Event "ICS rated blitz match"]
[Site "207.99.83.229"]
[Date "1999.06.01"]
[Round "?"]
[White "supernerd"]
[Black "Hossa"]
[Result "0-1"]
[WhiteElo "2239"]
[BlackElo "2540"]
[PlyCount "68"]

1. d4 d5 2. f4 Nf6 3. Nf3 Bg4 4. e3 e6 5. Bd3 Bd6 6. O-O O-O 7. Nbd2 Nc6 8. c3
Bf5 9. Qe2 Qe7 10. Ne5 Bxd3 11. Qxd3 a6 12. b3 Rfd8 13. Rf3 Kh8 14. Rh3 Nb8 15.
a4 Nbd7 16. Bb2 Rg8 17. Rf1 Rad8 18. Kh1 c6 19. g4 Nf8 20. g5 N6d7 21. Rg1 Bc7
22. Rg4 Bxe5 23. fxe5 f5 24. gxf6 gxf6 25. Rxg8+ Kxg8 26. Rg3+ Ng6 27. exf6
Qxf6 28. e4 Rf8 29. e5 Qh4 30. Ba3 Rf2 31. Nf3 Qh6 32. Kg1 Ra2 33. Be7 Qc1+ 34.
Qf1 34... Qxc3 {supernerd resigns} 0-1

[Event "ICS rated blitz match"]
[Site "207.99.83.229"]
[Date "1999.06.01"]
[Round "?"]
[White "Hossa"]
[Black "supernerd"]
[Result "1-0"]
[WhiteElo "2545"]
[BlackElo "2234"]
[PlyCount "44"]

1. e4 e5 2. Nf3 d6 3. d4 exd4 4. Nxd4 Nf6 5. Nc3 Be7 6. Be2 O-O 7. O-O c5 8.
Nf3 Nc6 9. Bg5 Be6 10. Rb1 a6 11. Bxf6 Bxf6 12. Nd5 Bxd5 13. Qxd5 Nb4 14. Qb3
Re8 15. Bc4 Rxe4 16. Bxf7+ Kf8 17. Bg8 d5 18. Bxh7 Re7 19. c3 Nc6 20. Rbd1 c4
21. Qa3 Qd7 22. Be4 22... Rd8 {supernerd resigns} 1-0